El hombre en el mundo (Record no. 10084)
[ view plain ]
| 000 -CABECERA | |
|---|---|
| campo de control de longitud fija | 01143nam a2200265 a 4500 |
| 001 - NÚMERO DE CONTROL | |
| campo de control | BRL_1272 |
| 005 - FECHA Y HORA DE LA ÚLTIMA TRANSACCIÓN | |
| campo de control | 20190320211124.0 |
| 008 - DATOS DE LONGITUD FIJA--INFORMACIÓN GENERAL | |
| campo de control de longitud fija | 121213s1981----sp-abeo###---#000-0#spa-# |
| 020 ## - NÚMERO INTERNACIONAL ESTÁNDAR DEL LIBRO | |
| Número Internacional Estándar del Libro | 8427967470 (Obra completa) |
| 041 ## - CÓDIGO DE LENGUA | |
| Código de lengua del texto/banda sonora o título independiente | spa |
| 044 ## - CÓDIGO DEL PAÍS DE LA ENTIDAD EDITORA/PRODUCTORA | |
| Código MARC del país | sp |
| 050 #4 - SIGNATURA TOPOGRÁFICA DE LA BIBLIOTECA DEL CONGRESO | |
| Número de clasificación | GN307 |
| Número de documento/Ítem | .H66 1981 |
| 245 10 - MENCIÓN DE TÍTULO | |
| Título | El hombre en el mundo |
| Resto del título | 500 pueblos, cómo son y dónde viven. |
| 260 ## - PUBLICACIÓN, DISTRIBUCIÓN, ETC. | |
| Lugar de publicación, distribución, etc. | Barcelona, España |
| Nombre del editor, distribuidor, etc. | Noguer |
| Fecha de publicación, distribución, etc. | 1981 |
| 300 ## - DESCRIPCIÓN FÍSICA | |
| Extensión | v. |
| Otras características físicas | il. a color, mapas |
| Dimensiones | 29 cm. |
| 500 ## - NOTA GENERAL | |
| Nota general | Traducción de : Family of man |
| 500 ## - NOTA GENERAL | |
| Nota general | v.3. Au1479, v.4. Au1483, v.8. Au1481, v.9. Au1482, v.10. Au1480 |
| 500 ## - NOTA GENERAL | |
| Nota general | La bibloteca cuenta solo con los volumnes 3,4,8,9 y 10 |
| 505 0# - NOTA DE CONTENIDO CON FORMATO | |
| Nota de contenido con formato | Contenido: v.3. Canal, isleños del - Chinos. Las razas humanas. El hombre animal social. -- v.4. Chipayas - Ewes. El hombre animal social. -- v.8. Kaiadilt - Lovedu. El hombre y la ciudad. -- v.9. Lugbaras - Nahuas. El hombre y la ciudad. Arte y sociedad. -- v.10. Nambas - Pathanes. Arte y sociedad |
| 650 14 - PUNTO DE ACCESO ADICIONAL DE MATERIA--TÉRMINO DE MATERIA | |
| Término de materia o nombre geográfico como elemento de entrada | Etnología |
| Subdivisión de forma | Enciclopedias |
| 9 (RLIN) | 26337 |
| 650 14 - PUNTO DE ACCESO ADICIONAL DE MATERIA--TÉRMINO DE MATERIA | |
| Término de materia o nombre geográfico como elemento de entrada | Ciudades y pueblos |
| 9 (RLIN) | 22758 |
| 650 14 - PUNTO DE ACCESO ADICIONAL DE MATERIA--TÉRMINO DE MATERIA | |
| Término de materia o nombre geográfico como elemento de entrada | Antropología cultural |
| 9 (RLIN) | 26338 |
| 902 ## - CATALOGADOR | |
| Iniciales | GRL |
| 942 ## - ELEMENTOS DE PUNTO DE ACCESO ADICIONAL (KOHA) | |
| Fuente del sistema de clasificación o colocación | Library of Congress Classification |
| Tipo de ítem Koha | Libros |
| Estado de retiro | Estado de pérdida | Estado dañado | No para préstamo | Localización permanente | Ubicación/localización actual | Fecha de adquisición | Total de préstamos | Signatura topográfica completa | Código de barras | Fecha visto por última vez | Precio válido a partir de | Tipo de ítem Koha |
|---|---|---|---|---|---|---|---|---|---|---|---|---|
| El ejemplar forma parte de la colección y puede ser consultado según las políticas vigentes. | Biblioteca Centro de Estudios Ruth D. Lechuga | Biblioteca Centro de Estudios Ruth D. Lechuga | 12/12/2013 | GN307 .H66 1981 | GRL01405 | 22/03/2019 | 22/03/2019 | Libros | ||||
| El ejemplar forma parte de la colección y puede ser consultado según las políticas vigentes. | Biblioteca Centro de Estudios Ruth D. Lechuga | Biblioteca Centro de Estudios Ruth D. Lechuga | 11/11/2015 | GN307 .H66 1981 | GRL01406 | 22/03/2019 | 22/03/2019 | Libros | ||||
| El ejemplar forma parte de la colección y puede ser consultado según las políticas vigentes. | Biblioteca Centro de Estudios Ruth D. Lechuga | Biblioteca Centro de Estudios Ruth D. Lechuga | 11/11/2015 | GN307 .H66 1981 | GRL01407 | 22/03/2019 | 22/03/2019 | Libros | ||||
| El ejemplar forma parte de la colección y puede ser consultado según las políticas vigentes. | Biblioteca Centro de Estudios Ruth D. Lechuga | Biblioteca Centro de Estudios Ruth D. Lechuga | 11/11/2015 | GN307 .H66 1981 | GRL01408 | 22/03/2019 | 22/03/2019 | Libros | ||||
| El ejemplar forma parte de la colección y puede ser consultado según las políticas vigentes. | Biblioteca Centro de Estudios Ruth D. Lechuga | Biblioteca Centro de Estudios Ruth D. Lechuga | 11/11/2015 | GN307 .H66 1981 | GRL01409 | 22/03/2019 | 22/03/2019 | Libros |